|
|
|
|
| LEADER |
00000nab a2200000uu 4500 |
| 001 |
vtls011448453 |
| 003 |
SK-MaSNL |
| 005 |
20260303151349.0 |
| 008 |
230222|1976 xo |||||||||||||||||cze| |
| 015 |
|
|
|a SNBRB
|
| 035 |
|
|
|a (urnnbn)urn:nbn:sk:snk:ar-005es5
|
| 035 |
|
|
|a (uuid)5774fbf9-365a-4f72-abc3-ddbefaf76605
|
| 035 |
|
|
|a urn:nbn:sk:snk-abcl3g
|
| 040 |
|
|
|a SNKBUCL
|b slo
|c SNKBUCL
|e AACR2
|
| 041 |
0 |
|
|a cze
|
| 044 |
|
|
|a xo
|c SK
|
| 100 |
1 |
|
|a (ll)
|4 aut
|9 847311
|
| 245 |
1 |
0 |
|a Vodné stavby - Metrostav
|c (Ll{Rpara}
|
| 773 |
0 |
|
|t Technická práca : časopis Ústřední rady Čs. vědecko-technické společnosti
|g Roč. 28, č. 11 (1976), s. 45-47
|
| 958 |
|
|
|a OND
|
| 958 |
|
|
|a EUIPO
|
| 958 |
|
|
|a article16
|
| 999 |
|
|
|c 2017345
|d 2019275
|